[Event "Bled op"]
[Site "Bled"]
[Date "1996.??.??"]
[Round "8"]
[White "Samovojska, Damir"]
[Black "Glavan, Slavenko"]
[Result "0-1"]
[WhiteElo "2350"]
[BlackElo "2210"]

1.Nf3 d5 2.c4 c6 3.d4 Nf6 4.Nc3 e6 5.Bg5 Be7 6.e3 Nbd7 7.Qc2 a6 8.cxd5 exd5
9.Bd3 O-O 10.h4 Re8 11.O-O-O Nf8 12.Kb1 Be6 13.Bxf6 Bxf6 14.Ng5 Bxg5 15.hxg5 g6
16.f4 f5 17.gxf6 Qxf6 18.Qf2 Bf5 19.Bxf5 Qxf5+ 20.Ka1 Re7 21.Qf3 Rae8 22.g4 Qf6
23.Rde1 Ne6 24.Qd1 Nf8 25.Qd2 Nd7 26.Qd3 Nb6 27.f5 Qg5 28.e4 Qxg4 29.fxg6 dxe4
30.Qc2 Nd5 31.Reg1 Qf3 32.Nxd5 cxd5 33.gxh7+ Kh8 34.Qh2 Qf6 35.Qh5 Qxd4 36.Rg5 Rf8
37.Rhg1 Rg7 38.a3 Qxg1+ 39.Rxg1 Rxg1+ 40.Ka2 Rg7 41.Qxd5 Re8 42.Qh5 Ree7
43.Kb3 e3 44.Qe2 Rgf7 45.Kc3 Kxh7 46.Kd3 Rd7+ 47.Ke4 Rfe7+ 48.Kf4 Kg7 49.Qg4+ Kf8
50.Qh5 Re6 51.Qc5+ Ke8 52.Qc4 Rf7+ 53.Kg4 Rfe7 54.Qc8+ Kf7 55.Qh8 Re5 56.Qh7+ Ke8
57.Qg6+ Kd8 58.Qd3+ Kc7 59.Qe2 Kb8 60.b4 Ka7 61.Kf3 Rf7+ 62.Kg3 Re8 63.Kh4 Rg7
64.Qh5 Re4+ 65.Kh3 e2  0-1

[Event "Bled op-B"]
[Site "Bled"]
[Date "1996.??.??"]
[Round "8"]
[White "Ciglic, Boris"]
[Black "Notizberg, Tomislav"]
[Result "1-0"]
[WhiteElo "2195"]
[BlackElo "1975"]

1.Nf3 d5 2.c4 c6 3.e3 Nf6 4.b3 Bg4 5.Be2 e6 6.Bb2 Nbd7 7.O-O Bd6 8.d4 O-O
9.Nbd2 Rc8 10.Rc1 Bb8 11.Ne5 Bxe2 12.Qxe2 Ne8 13.Nxd7 Qxd7 14.e4 dxe4 15.Nxe4 Nd6
16.Ng3 Rfe8 17.Qg4 Nf5 18.Nh5 Kh8 19.d5 e5 20.Nxg7 Rg8 21.Qxf5 Qe7 22.Nh5 Rg6
23.Qxc8+  1-0

[Event "Bled op"]
[Site "Bled"]
[Date "1996.??.??"]
[Round "9"]
[White "Kozul, Zdenko"]
[Black "Sitnik, Igor"]
[Result "1-0"]
[WhiteElo "2580"]
[BlackElo "2160"]

1.Nf3 d5 2.c4 e6 3.g3 Nf6 4.Bg2 Be7 5.O-O O-O 6.Qc2 Nbd7 7.b3 c6 8.Bb2 b6
9.d3 Bb7 10.e4 c5 11.e5 Ne8 12.Re1 g6 13.cxd5 exd5 14.d4 Ng7 15.Nc3 Ne6 16.Rad1 Rc8
17.dxc5 Bxc5 18.Qd2 d4 19.Nb5 Bxf3 20.Bxf3 a5 21.a3 Qe7 22.Bd5 Rfd8 23.Bxe6 Qxe6
24.Qe2 Qxb3 25.Bxd4 Nf8 26.Nd6 Ne6 27.Bb2 Rc7 28.Rd3 Qa4 29.Red1 Qc6 30.h4 h5
31.Qd2 Qa4 32.Qh6 Qg4 33.R1d2 Rf8 34.Kg2 Ng7 35.Rf3 Nf5 36.Nxf5 gxf5 37.e6 f6
38.Bxf6 Rh7 39.Qg5+ Qxg5 40.hxg5 Re8 41.Re2 Rc7 42.a4 Rc6 43.e7 Kf7 44.Rxf5 Kg6
45.Rd5 Rc7 46.Rd8 Rexe7 47.Bxe7 Bxe7 48.Rd5  1-0

[Event "Budapest FS05 GM"]
[Site "Budapest"]
[Date "1996.??.??"]
[Round "1"]
[White "Fancsy, Imre"]
[Black "Proehl, Holger"]
[Result "1/2-1/2"]
[WhiteElo "2365"]
[BlackElo "2300"]

1.Nf3 d5 2.c4 dxc4 3.Na3 Nf6 4.Nxc4 e6 5.g3 b6 6.Bg2 Bb7 7.Nce5 Qc8 8.Qa4+ Nbd7
9.d4 Bd6 10.Bf4 O-O 11.O-O Bxe5 12.Nxe5 Bxg2 13.Kxg2 Nxe5 14.Bxe5 Nd7 15.Bf4 Re8  1/2-1/2

[Event "EUCup f"]
[Site "Budapest"]
[Date "1996.??.??"]
[Round "1"]
[White "Cebalo, Miso"]
[Black "Lugovoi, Aleksei"]
[Result "1/2-1/2"]
[WhiteElo "2515"]
[BlackElo "2500"]

1.Nf3 d5 2.c4 c6 3.d4 Nf6 4.Nc3 dxc4 5.a4 Na6 6.e4 Bg4 7.Bxc4 Bxf3 8.gxf3 e6
9.Rg1 g6 10.a5 Nc7 11.Qb3 Rb8 12.Be3 Be7 13.f4 O-O 14.Rd1 Kg7 15.f5 exf5
16.d5 cxd5 17.exd5 b6 18.axb6 axb6 19.Nb5 Nxb5 20.Bxb5 Ne4 21.f3 Nd6 22.Bc6 Nc8
23.Rg2 Bd6 24.Kf1 Be5 25.Qc2 Nd6 26.Re2 Qh4 27.Kg1 Qh5 28.Qd3 Qh4 29.b3 f6
30.Qd2 Rf7 31.f4 Ne4 32.Qe1 Qxe1+ 33.Rdxe1 Bd6 34.Ra2 Bb4 35.Rea1 Bc3 36.Rc1 g5
37.Kg2 Bb4 38.Rca1 Bd6 39.fxg5 fxg5 40.Bd4+ Kh6 41.Ra7 Rbf8 42.Rxf7 Rxf7
43.Bxb6 f4 44.Kf3 Re7 45.Ra2 Kh5 46.h3 Ng3 47.Ra7 Re1 48.Rxh7+ Kg6 49.Rh8 Rf1+
50.Kg4 Nf5 51.Rg8+ Kf6 52.Rxg5 Ne3+ 53.Kh5 Rh1 54.Bd4+ Kf7 55.Bd7 Rd1 56.Be6+ Ke7
57.Rg7+ Ke8 58.Rg8+ Ke7 59.Rg7+ Ke8 60.Rg8+ Ke7 61.Rg7+ Ke8  1/2-1/2

[Event "Budapest FS03 GM"]
[Site "Budapest"]
[Date "1996.??.??"]
[Round "2"]
[White "Namgilov, Sogto"]
[Black "Dao Thien Hai"]
[Result "0-1"]
[WhiteElo "2425"]
[BlackElo "2560"]

1.Nf3 d5 2.c4 d4 3.b4 f6 4.e3 e5 5.c5 a5 6.Bc4 Nh6 7.O-O Be7 8.d3 dxe3 9.Bxe3 Nf5
10.b5 e4 11.Ne1 Nd7 12.d4 Nxc5 13.Nc3 Be6 14.Bxe6 Nxe6 15.Nc2 Qd7 16.Qg4 Nd6
17.Nxe4 O-O 18.Nxd6 Qxd6 19.Qe4 f5 20.Qxb7 f4 21.Bc1 f3 22.Qc6 fxg2 23.Re1 Nf4
24.Qxd6 Nh3+ 25.Kxg2 Rxf2+ 26.Kxh3 Bxd6 27.Ne3 Rxh2+ 28.Kg4 Rf8 29.Rf1 h5+
30.Kg5 Be7+ 31.Kg6 Rxf1 32.Nxf1 Rg2+ 33.Kf5 Rf2+ 34.Ke6 Rxf1 35.Kxe7 h4 36.d5 h3
37.d6 cxd6 38.b6 h2 39.b7 h1=Q 40.b8=Q+ Kh7 41.Qb1+ g6 42.Qb3 Qe4+ 43.Kd7 Qg4+
44.Kc7 Rf8 45.Qd5 Qb4 46.Kd7 Qc3 47.Qxd6 Qc8+  0-1

[Event "Spring op"]
[Site "Budapest"]
[Date "1996.??.??"]
[Round "3"]
[White "Voiska, Margarita"]
[Black "Kovacs, Gabor"]
[Result "1-0"]
[WhiteElo "2340"]
[BlackElo "2190"]

1.Nf3 d5 2.c4 e6 3.e3 Nf6 4.d4 Be7 5.Bd3 O-O 6.O-O b6 7.Nc3 Bb7 8.b3 Nbd7
9.Bb2 Ne4 10.Rc1 f5 11.Qc2 c6 12.Ne5 Nxe5 13.dxe5 Rc8 14.Nb1 Bc5 15.Qe2 Qh4
16.f3 Ng5 17.Ba3 Bxa3 18.Nxa3 Nf7 19.cxd5 cxd5 20.f4 Qe7 21.Nb5 a6 22.Nd4 b5
23.b4 g5 24.a3 gxf4 25.exf4 Kh8 26.Qe3 Rg8 27.Rxc8 Rxc8 28.Rc1 Qd7 29.Rxc8+ Qxc8
30.Qd2 Nd8 31.Qc2 Qxc2 32.Bxc2 Kg7 33.Kf2 h6 34.h3 Bc8 35.Ke3 h5 36.g3 Kh6
37.Bd1 Bd7 38.Nb3 Nc6 39.Kd3 h4 40.g4 fxg4 41.Bxg4 Ne7 42.Nc5 Bc8 43.Bxe6 Bxe6
44.Nxe6 Kg6 45.Nd4  1-0

[Event "Elekes mem"]
[Site "Budapest"]
[Date "1996.??.??"]
[Round "7"]
[White "Gabriel, Christian"]
[Black "Lorincz, Istvan"]
[Result "1-0"]
[WhiteElo "2510"]
[BlackElo "2375"]

1.Nf3 d5 2.c4 c6 3.d4 Nf6 4.Nc3 g6 5.e3 Bg7 6.Be2 O-O 7.O-O Bg4 8.cxd5 Nxd5
9.Qb3 Nxc3 10.bxc3 Qb6 11.Qc2 Nd7 12.h3 Bxf3 13.Bxf3 Qc7 14.Rb1 Rab8 15.a4 e5
16.Rd1 Rfd8 17.Qb3 Nf6 18.Ba3 e4 19.Be2 Rd7 20.Rd2 h5 21.Rdb2 Bf8 22.Bxf8 Kxf8
23.Qa3+ Kg7 24.c4 Qa5 25.Qb4 Qf5 26.Qc3 Kh6 27.a5 g5 28.Qe1 g4 29.h4 c5 30.Rb5 Rc7
31.dxc5 Rxc5 32.Qc3 Kg6 33.Rxc5 Qxc5 34.Rb5 Qe7 35.Re5 Qd8 36.Rg5+ Kh6 37.Rb5 Kg6
38.Qe5  1-0

[Event "Budapest FS05 GM"]
[Site "Budapest"]
[Date "1996.??.??"]
[Round "7"]
[White "Fancsy, Imre"]
[Black "McDonald, Neil R"]
[Result "1/2-1/2"]
[WhiteElo "2365"]
[BlackElo "2450"]

1.Nf3 d5 2.c4 c6 3.e3 Nf6 4.Nc3 Bg4 5.cxd5 Bxf3 6.Qxf3 cxd5 7.d4 Nc6 8.Bd3 g6
9.O-O Bg7 10.Bd2 O-O 11.Na4 e5 12.dxe5 Nxe5 13.Qe2 d4 14.exd4 Qxd4 15.Bb5 a6
16.Bc3 Qa7 17.Bxe5 axb5 18.Nc3 b4 19.Bxf6 Bxf6 20.Nd5 Bg7 21.Nxb4 Rfe8 22.Qf3 Bxb2
23.Rab1 Bg7 24.Nd5 Rab8 25.a3 Re6 26.Rfc1 Be5 27.g3 b5 28.Rb3 Ra8 29.Kg2 Qb8
30.Rc5 Qe8 31.Rbxb5 Bd6 32.Nc7 Bxc7 33.Rxc7 Rxa3 34.Qb7 Rd3 35.Rc8  1/2-1/2

[Event "Budapest FS12 IM"]
[Site "Budapest"]
[Date "1996.??.??"]
[Round "8"]
[White "Fancsy, Imre"]
[Black "Jamrich, Gyorgy"]
[Result "1/2-1/2"]
[WhiteElo "2325"]
[BlackElo "2295"]

1.Nf3 d5 2.c4 dxc4 3.Qa4+ Nd7 4.g3 c6 5.Qxc4 Nb6 6.Qc2 Bg4 7.Bg2 Qc8 8.d4 Bh3
9.O-O Bxg2 10.Kxg2 e6 11.e4 Nf6 12.b3 Be7 13.Qe2 O-O 14.Nbd2 Qc7 15.Bb2 Rac8
16.Rac1 Qb8 17.Ne1 Rfe8 18.Nd3 Nbd7 19.g4 Nf8 20.f4 N6d7 21.Qf2 f6 22.h4 b6
23.Qf3 c5 24.d5 exd5 25.exd5 b5 26.g5  1/2-1/2

[Event "Budapest FS12 IM"]
[Site "Budapest"]
[Date "1996.??.??"]
[Round "11"]
[White "Vukovic, Ivo"]
[Black "Jamrich, Gyorgy"]
[Result "1-0"]
[WhiteElo "2310"]
[BlackElo "2295"]

1.Nf3 d5 2.c4 c6 3.b3 Bf5 4.g3 Nf6 5.Bg2 e6 6.O-O Be7 7.Bb2 h6 8.d3 O-O 9.Nc3 Nbd7
10.Qc2 Bh7 11.Rfd1 Qc7 12.Rac1 Rac8 13.Qb1 Qa5 14.Qa1 Ba3 15.Nb1 Bxb2 16.Qxb2 b5
17.b4 Qb6 18.cxd5 cxd5 19.Nbd2 a5 20.a3 Bg6 21.Qd4 Qa6 22.Nb3 axb4 23.axb4 Rxc1
24.Rxc1 Qa2 25.Nfd2 Qa8 26.Qa1 Qb8 27.Qa5 Qe5 28.Bf1 Rb8 29.Qc7 Qxc7 30.Rxc7 Nb6
31.Nd4 Ne8 32.Rc6 Nd7 33.N2b3 Kf8 34.Na5 e5 35.Ndb3 f6 36.Bg2 Bf7 37.Bh3 Nb6
38.Nc5 Ke7 39.Na6 Rc8 40.Bxc8 Nxc8  1-0

[Event "Budapest FS05 GM"]
[Site "Budapest"]
[Date "1996.??.??"]
[Round "11"]
[White "Fancsy, Imre"]
[Black "Wilhelmi, Christian"]
[Result "0-1"]
[WhiteElo "2365"]
[BlackElo "2325"]

1.Nf3 d5 2.c4 c6 3.g3 Nf6 4.Bg2 Bg4 5.cxd5 cxd5 6.Ne5 Bf5 7.Nc3 e6 8.g4 Bg6
9.h4 Bd6 10.d4 O-O 11.h5 Bxe5 12.hxg6 fxg6 13.Bg5 Bd6 14.Qd3 Nbd7 15.O-O-O Qc7
16.Kb1 Rae8 17.Qh3 Rf7 18.e3 Nf8 19.f4 Qd7 20.Bxf6 Rxf6 21.Nxd5 exd5 22.Bxd5+ Rf7
23.f5 gxf5 24.gxf5 Kh8 25.e4 Rf6 26.Rdg1 Bc7 27.Rg4 Bd8 28.Qg2 Rd6 29.Rg1 Bf6
30.e5 Rxd5 31.exf6 Qxf5+ 32.Ka1 g6 33.Qh1 Rd7 34.R4g2 Qxf6 35.a3 Qxd4 36.Rxg6 Nxg6
37.Rxg6 Qd1+ 38.Qxd1 Rxd1+ 39.Ka2 hxg6  0-1

[Event "JUG-chT"]
[Site "Budva"]
[Date "1996.??.??"]
[Round "1"]
[White "Paunovic, Dragan"]
[Black "Djukic, Zeljko"]
[Result "1-0"]
[WhiteElo "2480"]
[BlackElo "2385"]

1.Nf3 d5 2.c4 dxc4 3.e3 e6 4.Bxc4 a6 5.d4 c5 6.O-O Nf6 7.Qe2 cxd4 8.exd4 Be7
9.Rd1 b5 10.Bb3 Bb7 11.Nc3 Nd5 12.Ne5 O-O 13.Rd3 Nxc3 14.bxc3 Nd7 15.Nxf7 Rxf7
16.Qxe6 Qe8 17.Re3 Kf8 18.Bb2 a5 19.Rae1 a4 20.Qxf7+ Qxf7 21.Bxf7 Bg5 22.Be6 a3
23.Bxa3+ Rxa3 24.Bxd7 Bxe3 25.Rxe3 Rxa2 26.h3 Rb2 27.Re8+ Kf7 28.Rb8  1-0

[Event "JUG-chT"]
[Site "Budva"]
[Date "1996.??.??"]
[Round "1"]
[White "Damljanovic, Branko"]
[Black "Pajkovic, Vladimir"]
[Result "1-0"]
[WhiteElo "2510"]
[BlackElo "2425"]

1.Nf3 d5 2.c4 c6 3.e3 Nf6 4.Nc3 Bf5 5.cxd5 Nxd5 6.d4 e6 7.Bc4 Be7 8.O-O O-O
9.Qe2 Bg4 10.h3 Bh5 11.Rd1 Nd7 12.e4 Nxc3 13.bxc3 Qa5 14.Bd2 Rad8 15.Bb3 Qc7
16.a4 c5 17.a5 Nf6 18.Be1 Qf4 19.e5 Nd5 20.c4 Bxf3 21.Qxf3 Qxf3 22.gxf3 Nf4
23.d5 Nxh3+ 24.Kf1 Bg5 25.Ba4 Bf4 26.Rab1 b6 27.Kg2 Ng5 28.Bd2 Bxd2 29.Rxd2 f6
30.f4 Ne4 31.Rc2 fxe5 32.dxe6 Rb8 33.e7 Rfe8 34.Bxe8 Rxe8 35.fxe5 Rxe7 36.axb6 axb6
37.f4  1-0

[Event "ARG-ch qf"]
[Site "Buenos Aires"]
[Date "1996.??.??"]
[Round "1"]
[White "Lida Garcia, Fernando"]
[Black "Reides, Marcelo"]
[Result "0-1"]
[WhiteElo "2205"]
[BlackElo "2345"]

1.Nf3 d5 2.c4 e6 3.g3 c5 4.Bg2 Nc6 5.O-O Nf6 6.cxd5 exd5 7.d4 Be7 8.Nc3 O-O
9.Bf4 c4 10.Ne5 Qa5 11.Nxc6 bxc6 12.Na4 Re8 13.b3 Ba6 14.Bd2 Qd8 15.bxc4 Bxc4
16.Nb2 Ba6 17.Bf4 Ne4 18.Bf3 Bf6 19.Rc1 Qb6 20.Nd3 Bc4 21.Ne5 Bxe5 22.dxe5 Qa6
23.Qc2 Nc5 24.Rfd1 Ne6 25.Be3 Red8 26.Be4 h6 27.Bd3 Bxd3 28.exd3 c5 29.Bxc5 Nxc5
30.Qxc5 Qxa2 31.Ra1 Qe2 32.Qd4 a5 33.Re1 Qd2 34.Reb1 a4 35.Rb2 Qc2 36.Rba2 a3
37.Qxd5 Ra6 38.Qe4 Rd4 39.Qf4 Rd8 40.h4 Rda8 41.Qe3 Qa4 42.Rxa3 Qc6 43.Ra4 Qc8
44.Qc5 Rd6 45.Qc3 Rb8 46.R4a2 Ra8 47.Rb2  0-1

[Event "Calcutta op"]
[Site "Calcutta"]
[Date "1996.??.??"]
[Round "4"]
[White "Szekely, Peter"]
[Black "Sareen, Vishal"]
[Result "1/2-1/2"]
[WhiteElo "2435"]
[BlackElo "2300"]

1.Nf3 d5 2.c4 dxc4 3.e3 Nf6 4.Bxc4 e6 5.d4 c5 6.O-O a6 7.b3 Be7 8.Bb2 O-O
9.dxc5 Bxc5 10.Qc2 Nbd7 11.Nc3 b5 12.Bd3 Bb7 13.Ne4 Nxe4 14.Bxe4 Bxe4 15.Qxe4 Nf6
16.Qh4 Qe7 17.Ne5 Rfc8  1/2-1/2

[Event "Calcutta op"]
[Site "Calcutta"]
[Date "1996.??.??"]
[Round "5"]
[White "Sahu, Sekhar Chandra"]
[Black "Neelotpal, Das"]
[Result "0-1"]
[WhiteElo "2340"]
[BlackElo "2205"]

1.Nf3 d5 2.c4 dxc4 3.e3 Nf6 4.Bxc4 e6 5.d4 c5 6.O-O a6 7.Qe2 b5 8.Bd3 Bb7
9.Rd1 Nbd7 10.Nc3 Rc8 11.Ne5 Qb6 12.Nxd7 Nxd7 13.d5 c4 14.Bc2 Bc5 15.Qg4 O-O
16.Qh4 f5 17.e4 exd5 18.Nxd5 Bxd5 19.exd5 Rce8 20.Kf1 Ne5 21.d6 Ng4 22.d7 Qe6
23.dxe8=Q Rxe8 24.Be3 Nxe3+ 25.fxe3 Qxe3 26.Be4 Qg1+ 27.Ke2 Rxe4+  0-1

[Event "Cannes Martinez op"]
[Site "Cannes"]
[Date "1996.??.??"]
[Round "1"]
[White "Azariants, Evgeni"]
[Black "Kutirov, Rolando"]
[Result "0-1"]
[WhiteElo "2180"]
[BlackElo "2525"]

1.Nf3 d5 2.c4 c6 3.g3 Bg4 4.cxd5 Bxf3 5.exf3 cxd5 6.f4 Nc6 7.Bg2 Nf6 8.O-O g6
9.d3 Bg7 10.Nd2 O-O 11.Nf3 Nd7 12.Rb1 e6 13.b4 Nd4 14.Nxd4 Bxd4 15.Be3 Qb6
16.Qd2 Rfc8 17.Rfc1 Nf6 18.a4 Ng4 19.Bxd4 Qxd4 20.h3 Nf6 21.Rxc8+ Rxc8 22.Qe3 Qxe3
23.fxe3 Rc3 24.Bf1 Rc2 25.g4 h6 26.Rb3 Kg7 27.Bg2 g5 28.Bf3 Ne8 29.f5 Nd6
30.e4 dxe4 31.dxe4 Kf6 32.fxe6 fxe6 33.Bg2 Ke5 34.Rf3 Ra2 35.Rf8 Rxa4 36.Rh8 Rxb4
37.Rxh6 a5 38.Rh5 Kf4 39.Rh6 Ke5 40.Rh5 Nf7 41.h4 Kf4 42.Rh7 Ne5 43.hxg5 a4
44.Rh8 Kxg5 45.Rg8+ Kf4 46.g5 Kg3 47.Rf8 Rb1+ 48.Bf1 a3 49.g6 Nxg6  0-1

[Event "Cannes op"]
[Site "Cannes"]
[Date "1996.??.??"]
[Round "2"]
[White "Ivanov, Jordan"]
[Black "Medak, Damir"]
[Result "1-0"]
[WhiteElo "2380"]
[BlackElo "2335"]

1.Nf3 d5 2.c4 e6 3.e3 Nf6 4.Nc3 c5 5.d4 Nc6 6.cxd5 exd5 7.Be2 cxd4 8.Nxd4 Bd6
9.O-O O-O 10.b3 Be5 11.Ba3 Re8 12.Nxc6 bxc6 13.Rc1 Bf5 14.Bc5 Re6 15.Bd4 Bc7
16.g3 h5 17.Bxh5 Bh3 18.Re1 Nxh5 19.Qxh5 Rh6 20.Qf3 Qg5 21.Nxd5 Bg4 22.Qg2 Qh5
23.Nxc7 Bf3 24.g4 Bxg4 25.Rc5 Qh4 26.Qg3 Qxg3+ 27.fxg3  1-0

[Event "Cannes Martinez op"]
[Site "Cannes"]
[Date "1996.??.??"]
[Round "6"]
[White "Azariants, Evgeni"]
[Black "Lenfant, Francois"]
[Result "1/2-1/2"]
[WhiteElo "2180"]
[BlackElo "2065"]

1.Nf3 d5 2.c4 c6 3.g3 Bg4 4.Ne5 Bh5 5.Bg2 f6 6.Nf3 e5 7.Qb3 Qc7 8.cxd5 cxd5
9.O-O Bf7 10.d4 Nc6 11.Nc3 e4 12.Nb5 Qd7 13.Ne1 a6 14.Qa4 Rc8 15.Nc3 Bd6
16.Nc2 Nge7 17.Ne3 O-O 18.Qd1 b5 19.Kh1 f5 20.Bh3 Be6 21.Ng2 Qa7 22.Be3 Qd7
23.f3 Na5 24.Bf4 Nc4 25.fxe4 Bxf4 26.gxf4 fxe4 27.Bxe6+ Qxe6 28.b3 Ne3 29.Nxe3 Rxc3
30.Qd2 Rfc8 31.f5 Qh6 32.Nc4 Qxd2 33.Nxd2 Rc2 34.Rad1 Rxa2 35.f6 Ng6 36.fxg7 Kxg7
37.Rf5 Rd8 38.e3 Rb2 39.Kg1 Nh4 40.Rf4 Ng6 41.Rf2 Rf8 42.Nxe4 Rfxf2 43.Nxf2 Rxb3
44.e4 Nf4 45.exd5 Nxd5 46.Ra1 Nf4 47.Ne4 Ne2+ 48.Kf2 Nxd4 49.Rxa6 Rb2+ 50.Kg3 b4
51.Ng5 b3 52.Ne6+ Nxe6 53.Rxe6 Rb1 54.Rb6 b2 55.Kg2 Kf7 56.h3 Ke7 57.Kh2 Kd7
58.Kg2 Kc7 59.Rb5 Kc6 60.Rb8 Kc7 61.Rb5  1/2-1/2

[Event "Cannes op"]
[Site "Cannes"]
[Date "1996.??.??"]
[Round "7"]
[White "Bolding, Klaus"]
[Black "Peric, Slavisa"]
[Result "1/2-1/2"]
[WhiteElo "2320"]
[BlackElo "2325"]

1.Nf3 d5 2.c4 dxc4 3.Na3 c5 4.Nxc4 Nc6 5.g3 g6 6.Bg2 Bg7 7.O-O Nf6 8.d3 Nd5
9.Nfd2 O-O 10.Ne4 b6 11.Bd2 Bb7 12.Rb1 Qd7 13.a3 h6 14.b4 f5 15.Ned6 exd6
16.Bxd5+ Kh7 17.Bf4 Rf6 18.b5 Nd8 19.Bxb7 Nxb7 20.h4 Re6 21.Ne3 d5 22.Ng2 Rae8
23.Re1 Qe7 24.Kf1 g5 25.Bd2 d4 26.e3 Kg6 27.Qf3 Nd6 28.exd4 Bxd4 29.Qc6 Nf7
30.Rxe6+ Qxe6 31.Re1 Qxc6 32.bxc6 Rxe1+ 33.Nxe1 Be5 34.Nf3 Bc7 35.hxg5 hxg5
36.Bc3 g4 37.Nh4+ Kg5 38.d4 cxd4 39.Bxd4 Nd8 40.f4+ gxf3 41.Be5 Bxe5 42.Nxf3+ Kf6
43.Nxe5 Ne6 44.Nc4 b5 45.Nd6 Nc7 46.Ke2 Ke5 47.Nc8 a5 48.Kd3 Na6 49.Na7 Nc7
50.Nc8 Nd5 51.Na7 b4 52.axb4 axb4 53.c7 Nxc7 54.Nc6+ Kf6 55.Nxb4 Kg5 56.Nc2 Kg4
57.Ne3+ Kxg3 58.Nxf5+  1/2-1/2

[Event "Cannes op"]
[Site "Cannes"]
[Date "1996.??.??"]
[Round "8"]
[White "Giffard, Nicolas"]
[Black "Lukasiewicz, Grzegorz"]
[Result "1/2-1/2"]
[WhiteElo "2400"]
[BlackElo "2330"]

1.Nf3 d5 2.c4 c6 3.d4 Nf6 4.Nc3 a6 5.Ne5 g6 6.cxd5 Nxd5 7.Qb3 Bg7 8.Nxf7 Kxf7
9.e4 e6 10.exd5 exd5 11.Be3 Re8 12.Be2 Nd7 13.O-O Qb6 14.Qa4 Nf6 15.b4 Bf5
16.Qb3 Bf8 17.a3 Bd6 18.Rac1 Qc7 19.h3 Qd7 20.g4 Nxg4 21.hxg4 Bxg4 22.Qd1 Bf3
23.Bxf3 Qh3 24.Re1 Bh2+ 25.Kh1 Bf4+ 26.Kg1 Bh2+ 27.Kh1  1/2-1/2

[Event "Cannes mT"]
[Site "Cannes"]
[Date "1996.??.??"]
[Round "8"]
[White "Ivkov, Borislav"]
[Black "Fontaine, Robert"]
[Result "1/2-1/2"]
[WhiteElo "2455"]
[BlackElo "2300"]

1.Nf3 d5 2.c4 dxc4 3.e3 Nf6 4.Bxc4 e6 5.d4 b6 6.O-O Bb7 7.Qe2 Nbd7 8.Rd1 c5
9.Nc3 a6 10.d5 exd5 11.Nxd5 b5 12.Nxf6+ Qxf6 13.Bd5 Bxd5 14.Rxd5 Nb6 15.Re5+ Be7
16.e4 h6 17.Rf5 Qe6 18.b3 O-O 19.Re5 Qd7 20.Be3 Rac8 21.Rd1 Qb7 22.b4 Nc4
23.Rxe7 Qxe7 24.Bxc5 Rxc5 25.bxc5 Qxc5  1/2-1/2

[Event "Catalunya-chT"]
[Site "Catalunya"]
[Date "1996.??.??"]
[Round "?"]
[White "Beltran, Santiago"]
[Black "Codina Garcia, Jose"]
[Result "1/2-1/2"]
[WhiteElo "2340"]
[BlackElo "2145"]

1.Nf3 d5 2.c4 d4 3.e3 Nc6 4.exd4 Nxd4 5.Nxd4 Qxd4 6.Nc3 c6 7.d3 Nh6 8.Be3 Qd6
9.d4 Nf5 10.Qd2 Nxe3 11.fxe3 Bg4 12.c5 Qd7 13.Bc4 e6 14.O-O Bxc5 15.Qf2 Bd6
16.Bd3 Bf5 17.Bxf5 exf5 18.Qxf5 Qxf5 19.Rxf5 O-O 20.Ne4 Bc7 21.Nc5 Rfe8 22.Rf3 Re7
23.Rc1 Bb6 24.Kf2 Rd8 25.a4 Rd5 26.Nd3 f6 27.h3 Ra5 28.b3 Rd5 29.g4 Rd6 30.Rc2 g6
31.Nb2 Kg7 32.Nc4 Rd5 33.Nxb6 axb6 34.Rf4 b5 35.Kf3 Re8 36.Re4 Rxe4 37.Kxe4 bxa4
38.bxa4 Kf7 39.Rb2 Rd7 40.Rb6 Ke7 41.a5 Kd6 42.a6 Re7+ 43.Kd3 bxa6 44.Rxa6 f5
45.gxf5 gxf5 46.Ra5 Rf7 47.Ke2 f4 48.Kf3  1/2-1/2

[Event "Celle Ligure op"]
[Site "Celle Ligure"]
[Date "1996.??.??"]
[Round "6"]
[White "Zlochevskij, Alexander"]
[Black "Cirabisi, Federico"]
[Result "1-0"]
[WhiteElo "2405"]
[BlackElo "2205"]

1.Nf3 d5 2.c4 e6 3.g3 c6 4.b3 f5 5.Bg2 Nf6 6.O-O Bd6 7.d4 Qe7 8.Nbd2 O-O
9.Ne5 Bd7 10.Ndf3 Be8 11.Nd3 Ne4 12.Bf4 Bxf4 13.Nxf4 Nd7 14.Qc2 Rf6 15.Nd3 Rh6
16.b4 g5 17.Rfc1 Bg6 18.cxd5 exd5 19.b5 c5 20.dxc5 f4 21.c6 bxc6 22.Qxc6 Nb6
23.Qc7 Qf8 24.g4 Nf6 25.Nde5 Be4 26.Nxg5 Re8 27.Qf7+ Qxf7 28.Ngxf7 Rh4 29.h3 Re7
30.a4 Rxf7 31.Nxf7 Kxf7 32.Rc7+ Kg6 33.f3 Nc4 34.fxe4  1-0

[Event "Politiken Cup"]
[Site "Copenhagen"]
[Date "1996.??.??"]
[Round "7"]
[White "Gausel, Einar"]
[Black "Mortensen, Erling"]
[Result "1-0"]
[WhiteElo "2515"]
[BlackElo "2430"]

1.Nf3 d5 2.c4 d4 3.e3 dxe3 4.fxe3 g6 5.d4 Bg7 6.Nc3 Nh6 7.e4 O-O 8.Be2 Bg4
9.Be3 Bxf3 10.gxf3 f5 11.Qd2 e5 12.O-O-O f4 13.dxe5 Qxd2+ 14.Bxd2 Bxe5 15.c5 Nd7
16.Na4 Rfd8 17.Bb5 a6 18.Bc4+ Nf7 19.Ba5 Nf6 20.Nc3 Rxd1+ 21.Rxd1 Re8 22.Nd5 c6
23.Nc7 Re7 24.Rd8+ Kg7 25.Ne6+ Kh6 26.Rf8 Nd7 27.Rc8 Nf6 28.Bd2 g5 29.Rf8 Kg6
30.h3 h6 31.Ba5 Nd7 32.Rc8 Nf6 33.b3 Kh7 34.Nd8 Nxd8 35.Bxd8 Rg7 36.Be6 Kg6
37.Bf5+ Kh5 38.Ba5 Bd4 39.Bb4 Bf2 40.Kd1 Kh4 41.Ke2 Bg3 42.Bc3 Rf7 43.Rh8 Kh5
44.Rd8 Nh7 45.Rd6 Nf8 46.Bg4+  1-0

[Event "Politiken Cup"]
[Site "Copenhagen"]
[Date "1996.??.??"]
[Round "7"]
[White "Lobejko, Rafal"]
[Black "Hector, Jonny"]
[Result "0-1"]
[WhiteElo "2215"]
[BlackElo "2520"]

1.Nf3 d5 2.c4 c6 3.b3 Bg4 4.Bb2 Nd7 5.d3 Qb8 6.Nbd2 e5 7.cxd5 cxd5 8.e4 Bxf3
9.Qxf3 Bb4 10.exd5 Ngf6 11.O-O-O Bxd2+ 12.Rxd2 Qd6 13.d4 e4 14.Qg3 Rc8+ 15.Rc2 Rxc2+
16.Kxc2 Qxg3 17.hxg3 Nxd5 18.Ba3 N7f6 19.Bb5+ Kd8 20.Rh4 Kc7 21.Kd2 a6 22.Bc4 Rd8
23.Bb2 b5 24.Be2 Ne7 25.g4 h6 26.Rh1 Nc6 27.Ke3 Kb6 28.a3 Re8 29.Re1 Na5
30.Bd1 Nb7 31.Kd2 Nd5 32.Bc2 Nd6 33.Bc1 a5 34.Bb2 f6 35.Bc1 a4 36.bxa4 Nc4+
37.Ke2 bxa4 38.Bd2 e3 39.fxe3 Ndxe3 40.Bxa4 Re6 41.Bxe3 Rxe3+ 42.Kf2 Rxa3
43.Be8 Nd6 44.Bg6 Ra4 45.Re7 Rxd4 46.Kg3 Rd5 47.Rxg7 Rg5 48.Rg8 Nf5+ 49.Bxf5 Rxg8
50.Kh4 Rg5 51.Kg3 Kc5 52.Kf4 Kd6 53.Be4 Re5 54.Bf3 Ke6 55.Be4 Ra5 56.Bf5+ Kd5
57.Bc8 Rc5 58.Bb7+ Ke6 59.Ba6 Rc2 60.Bb7 Rc4+ 61.Kg3 Ke5 62.Ba8 Rc3+ 63.Bf3 Ra3
64.Kf2 Kf4 65.g3+ Ke5 66.Bb7 Kd4 67.Bc6 Rc3 68.Bb7 Rc7 69.Ba8 Kd3 70.Kf3 Rc4
71.Bd5 Rd4 72.Be6 Kd2 73.Kf2 Re4 74.Bd7 Re2+ 75.Kf3 Ke1 76.Kf4 Rd2 77.Bc8 Rd8
78.Be6 Kf2 79.Kf5 Rd6 80.Bc8 Kxg3 81.Kg6 Rd4 82.Kh5 Rd5+ 83.Bf5 Rxf5+ 84.gxf5 Kf4  0-1

[Event "Politiken Cup"]
[Site "Copenhagen"]
[Date "1996.??.??"]
[Round "8"]
[White "Holmsgaard, Henrik"]
[Black "Andersson, Christine"]
[Result "1-0"]
[WhiteElo "2290"]
[BlackElo "2040"]

1.Nf3 d5 2.c4 dxc4 3.Na3 e6 4.Nxc4 Nf6 5.g3 b5 6.Nce5 Bb7 7.Bg2 Bd5 8.d3 Bb4+
9.Bd2 Bxd2+ 10.Qxd2 Nbd7 11.Nxd7 Qxd7 12.Qb4 a5 13.Qh4 O-O 14.O-O Bxf3 15.Bxf3 Rac8
16.a4 b4 17.Rfc1 c5 18.Rc4 Nd5 19.Qh5 f5 20.d4 Nb6 21.Rxc5 Nxa4 22.Rxa5 Nxb2
23.d5 e5 24.e4 Nc4 25.Ra7 Rc7 26.Rxc7 Qxc7 27.exf5 b3 28.d6 Qxd6 29.Rd1 Nd2
30.Be4 b2 31.Bb1 e4 32.Qe2 Rd8 33.Kg2 Qb4 34.Bxe4 Re8 35.Bd5+ Kf8 36.Qh5 Qe7
37.Qxh7 Qe2 38.f6 Re6 39.Qxg7+ Ke8 40.f7+ Kd7 41.f8=Q+ Re7 42.Qf5+ Kc7 43.Qc3+ Kb6
44.Qff6+ Re6 45.Qfd4+ Ka6 46.Qa3+ Kb5 47.Qdb4+  1-0

[Event "Politiken Cup"]
[Site "Copenhagen"]
[Date "1996.??.??"]
[Round "9"]
[White "Salo, Tapio"]
[Black "Pedersen, Daniel Vesterbaek"]
[Result "1/2-1/2"]
[WhiteElo "2310"]
[BlackElo "2250"]

1.Nf3 d5 2.c4 e6 3.d4 Nf6 4.Nc3 Be7 5.cxd5 exd5 6.Bg5 O-O 7.e3 Nbd7 8.Bd3 Re8
9.O-O Nf8 10.Qc2 c6 11.Rab1 a5 12.a3 Ng6 13.Bxf6 Bxf6 14.b4 axb4 15.axb4 Qd6
16.Rfe1 Bd8 17.Bf5 Bxf5 18.Qxf5 Bc7 19.g3 Ra3 20.Rec1 b5 21.Ne2 Ne7 22.Qc2 Rea8
23.Nc3 R8a7 24.Ne5 Qe6 25.Nd3 Bd6 26.Rb3 R3a6 27.Re1 f5 28.Ne2 Qe4 29.Nc3 Qe6
30.Ne2 Ra2 31.Rb2 Rxb2 32.Qxb2 Qc8 33.Ra1 Qa8  1/2-1/2

[Event "Politiken Cup"]
[Site "Copenhagen"]
[Date "1996.??.??"]
[Round "11"]
[White "Salo, Tapio"]
[Black "Schandorff, Lars"]
[Result "0-1"]
[WhiteElo "2310"]
[BlackElo "2485"]

1.Nf3 d5 2.c4 e6 3.d4 c6 4.cxd5 exd5 5.Nc3 Bf5 6.Bg5 Be7 7.Bxe7 Qxe7 8.e3 Nf6
9.Bd3 Ne4 10.Qc2 O-O 11.O-O Re8 12.Rae1 Nd7 13.Nd2 Rad8 14.f3 Nxd2 15.Qxd2 Bxd3
16.Qxd3 Nf8 17.Re2 Ne6 18.Rfe1 g6 19.Kh1 Qh4 20.Qd2 Ng7 21.Kg1 Nf5 22.Nd1 Qg5
23.f4 Qe7 24.Nf2 Nd6 25.Qd3 Qd7 26.h3 Kg7 27.b4 Re7 28.a4 Rde8 29.g3 h5 30.Kg2 Nf5
31.g4 hxg4 32.hxg4 Nd6 33.Kg3 f5 34.g5 Rh8 35.Rh1 Rxh1 36.Nxh1 Re8 37.Nf2 Rh8
38.Re1 Qe8 39.Rh1 Rxh1 40.Nxh1 Nc4 41.Kf3 Nb2 42.Qb3 Qe4+ 43.Kg3 Nd3  0-1

[Event "Corsico op"]
[Site "Corsico"]
[Date "1996.??.??"]
[Round "1"]
[White "Marchio, Enrico"]
[Black "Moncelli, Giorgio"]
[Result "1-0"]
[WhiteElo "2270"]
[BlackElo "2145"]

1.Nf3 d5 2.c4 c6 3.d4 Nf6 4.g3 e6 5.Bg2 Be7 6.O-O O-O 7.b3 Nbd7 8.Bb2 b6
9.Nbd2 Bb7 10.Ne5 Rc8 11.e4 dxe4 12.Qe2 c5 13.Nxd7 Qxd7 14.dxc5 Rxc5 15.Rad1 Qc8
16.Nxe4 Nxe4 17.Bxe4 Bxe4 18.Qxe4 Rd8 19.Rd3 Rc7 20.Rfd1 Rxd3 21.Rxd3 f6
22.h4 Rc6 23.g4 b5 24.cxb5 Rc2 25.Bd4 Rxa2 26.Qc6 Rc2 27.Qxc8+ Rxc8 28.Bxa7 Rc1+
29.Kg2 Bc5 30.Rd8+  1-0